[Event "Dioscuri op 2nd"]
[Site "Agrigento"]
[Date "2009.11.15"]
[Round "4"]
[White "Reina, Giuseppe"]
[Black "Filetti, Massimiliano"]
[Result "0-1"]
[WhiteElo "1812"]
[BlackElo "1928"]
[PlyCount "112"]
[EventDate "2009.11.13"]
[EventType "swiss"]
[EventRounds "5"]
[EventCountry "ITA"]
[SourceTitle "EXT 2012"]
[Source "ChessBase"]
[SourceDate "2011.11.24"]
[SourceVersion "1"]
[SourceVersionDate "2011.11.24"]
[SourceQuality "1"]

1. d4 Nf6 2. c4 g6 3. Nc3 d5 4. e3 Bg7 5. Qb3 dxc4 6. Bxc4 0-0 7. Bd2 Nc6 8. Nd5 Ne4 9. Bb4 Nxb4 10. Qxb4 c5 11. dxc5 a5 12. Qb6 e6 13. Qxd8 Rxd8 14. Nb6 Rb8 15. Nf3 Bxb2 16. Rb1 Bc3+ 17. Ke2 Bb4 18. Na4 Bd7 19. Bd3 Nxf2 20. Kxf2 Bxa4 21. Ke2 Bxc5 22. Bb5 Bxb5+ 23. Rxb5 b6 24. Ne5 Rbc8 25. Nc4 Rd7 26. Rhb1 Rcd8 27. a4 f6 28. R1b2 Kf7 29. Nxb6 Bxb6 30. Rxb6 Ke7 31. Rb7 Rxb7 32. Rxb7+ Rd7 33. Rb5 Rd5 34. Rb7+ Rd7 35. Rb5 Ra7 36. Kd3 Kd7 37. Rb6 h5 38. e4 g5 39. h4 g4 40. Rb5 e5 41. Rb6 Ke7 42. Rb5 Kf7 43. Kc4 Rd7 44. Rd5 Rxd5 45. Kxd5 Ke7 46. g3 Kd7 47. Kc5 Ke6 48. Kc4 f5 49. exf5+ Kxf5 50. Kd3 Kf6 51. Ke3 Ke6 52. Ke4 Kd6 53. Kd3 Kd5 54. Ke3 Kc4 55. Ke4 Kb4 56. Kxe5 Kxa4 0-1

[Event "Dioscuri op 2nd"]
[Site "Agrigento"]
[Date "2009.11.14"]
[Round "2"]
[White "Gigante, Giovanni"]
[Black "Filetti, Massimiliano"]
[Result "1/2-1/2"]
[WhiteElo "1692"]
[BlackElo "1928"]
[PlyCount "58"]
[EventDate "2009.11.13"]
[EventType "swiss"]
[EventRounds "5"]
[EventCountry "ITA"]
[SourceTitle "EXT 2012"]
[Source "ChessBase"]
[SourceDate "2011.11.24"]
[SourceVersion "1"]
[SourceVersionDate "2011.11.24"]
[SourceQuality "1"]

1. d4 Nf6 2. Nf3 g6 3. Nc3 d5 4. Bf4 a6 5. e3 Bg7 6. Be2 0-0 7. Ne5 Nbd7 8. Bf3 c6 9. a4 a5 10. 0-0 Nb6 11. e4 Be6 12. Qd3 dxe4 13. Nxe4 Nxe4 14. Bxe4 Bd5 15. Rfd1 Bxe4 16. Qxe4 Nd5 17. Bc1 Qc7 18. c3 Rad8 19. Re1 e6 20. Ng4 Nf6 21. Nxf6+ Bxf6 22. Bf4 Qd7 23. Be5 Bxe5 24. Qxe5 b6 25. Re3 Qd6 26. Rae1 Qxe5 27. Rxe5 Rd6 28. f4 Rfd8 29. Kf2 Rd5 1/2-1/2